[Event "Cannes Summer op"]
[Site "Cannes FRA"]
[Date "2014.07.09"]
[Round "4.10"]
[White "Bergougnoux, Axel"]
[Black "Hebert, Jean"]
[Result "0-1"]
[WhiteElo "1859"]
[BlackElo "2378"]
[PlyCount "254"]
[GameId "2130307669244733"]
[EventDate "2014.07.07"]
[EventType "swiss"]
[EventRounds "9"]
[EventCountry "FRA"]
[SourceTitle "10 Days #412"]
[Source "Chess Mix"]

1. e4 g6 2. d4 d6 3. Nc3 c6 4. f4 d5 5. e5 h5 6. Be3 Nh6 7. Nf3 Bf5 8. Bd3 e6 9. O-O Nd7 10. Ne2 a6 11. b3 b5 12. Qd2 Be7 13. Ng3 Bg4 14. Rac1 h4 15. Ne2 Nf5 16. c4 bxc4 17. bxc4 dxc4 18. Rxc4 h3 19. g3 Nb6 20. Rc2 Nd5 21. Bxf5 gxf5 22. Nc1 Nb4 23. Rb2 Bxf3 24. Rxf3 a5 25. a3 Nd5 26. Bf2 a4 27. Qc2 Kf8 28. Qc4 Qa5 29. Kf1 Kg7 30. Be1 Qa6 31. Qxa6 Rxa6 32. Ke2 Rd8 33. Bf2 Kf8 34. Rd3 Nc7 35. Kd2 Nb5 36. Ra2 Ra7 37. d5 exd5 38. Bxa7 Nxa7 39. Ne2 c5 40. Nc3 d4 41. Nxa4 c4 42. Rf3 Nb5 43. Nb6 c3+ 44. Kd3 Nxa3 45. Nc4 c2 46. Rxc2 Nxc2 47. Kxc2 Bc5 48. Kd3 Rb8 49. Rf1 Rb3+ 50. Ke2 Rc3 51. Nd2 d3+ 52. Kf3 Rc2 53. Rd1 Bg1 54. Rxg1 Rxd2 55. Ke3 Rxh2 56. Kxd3 Rg2 57. Rf1 Rxg3+ 58. Ke2 Ke7 59. Kf2 Rg2+ 60. Kf3 Ra2 61. Kg3 h2 62. Rd1 Rd2 63. Ra1 Ke6 64. Ra6+ Kd5 65. Ra5+ Ke4 66. Ra4+ Ke3 67. Ra3+ Rd3 68. Ra1 Rd2 69. Ra3+ Rd3 70. Ra1 h1=Q 71. Rxh1 Ke4+ 72. Kf2 Rd2+ 73. Kg3 Rd3+ 74. Kf2 Ra3 75. Rh4 Rf3+ 76. Ke2 Rb3 77. Kf2 Rb7 78. Kg2 Ke3 79. Kg3 Rb8 80. Kg2 Rg8+ 81. Kf1 Rg7 82. Rh3+ Kxf4 83. Kf2 Kxe5 84. Ra3 Rg4 85. Ra5+ Kf6 86. Kf3 Rb4 87. Ra6+ Kg5 88. Ra3 Rh4 89. Ra7 Kg6 90. Ra6+ Kg5 91. Ra8 Rh3+ 92. Kg2 Rb3 93. Ra7 f6 94. Ra4 f4 95. Ra5+ Kg4 96. Ra2 Rg3+ 97. Kf2 Rh3 98. Ra8 Rh2+ 99. Kg1 Rb2 100. Ra3 Re2 101. Rb3 f5 102. Ra3 Re3 103. Ra2 Re1+ 104. Kf2 Rh1 105. Kg2 Rb1 106. Rc2 Rb4 107. Ra2 f3+ 108. Kf2 Re4 109. Ra7 Re2+ 110. Kf1 Rb2 111. Rg7+ Kf4 112. Rg8 Rg2 113. Re8 Rg7 114. Kf2 Kg4 115. Re1 Kf4 116. Re8 Ra7 117. Re6 Ra2+ 118. Kf1 Re2 119. Rg6 Re8 120. Kf2 Rh8 121. Rg7 Rh2+ 122. Kf1 f2 123. Ra7 Kg5 124. Rg7+ Kf4 125. Ra7 Kg4 126. Ra8 f4 127. Ra7 Kg3 0-1

[Event "Cannes Summer op"]
[Site "Cannes FRA"]
[Date "2014.07.10"]
[Round "5.5"]
[White "Hebert, Jean"]
[Black "Yevseev, Denis"]
[Result "1/2-1/2"]
[WhiteElo "2378"]
[BlackElo "2522"]
[PlyCount "81"]
[GameId "2130307669244753"]
[EventDate "2014.07.07"]
[EventType "swiss"]
[EventRounds "9"]
[EventCountry "FRA"]
[SourceTitle "10 Days #412"]
[Source "Chess Mix"]

1. d4 Nf6 2. Nf3 d5 3. c4 e6 4. e3 a6 5. Nbd2 c5 6. dxc5 Bxc5 7. a3 dxc4 8. Bxc4 b5 9. Be2 Bb7 10. b4 Bd6 11. Bb2 O-O 12. O-O Qe7 13. Nd4 Nbd7 14. Bf3 Ne5 15. Bxb7 Qxb7 16. Qe2 Rac8 17. N4f3 Nxf3+ 18. Nxf3 Nd5 19. Rac1 Nb6 20. Nd2 Rfd8 21. Bd4 Na4 22. Qg4 f5 23. Qf3 Qf7 24. e4 h6 25. exf5 Rxc1 26. Rxc1 Bxh2+ 27. Kxh2 Rxd4 28. fxe6 Qxe6 29. Nf1 Nb6 30. Ne3 Nc4 31. Nxc4 bxc4 32. Qe3 Re4 33. Qc5 Kh7 34. g3 Qg4 35. Kg2 Rd4 36. Qc6 Qe2 37. Rc3 Rd3 38. Rxc4 Rxa3 39. Qd5 Qd3 40. Rd4 Qg6 41. Qd6 1/2-1/2

[Event "Cannes Summer op"]
[Site "Cannes FRA"]
[Date "2014.07.10"]
[Round "6.4"]
[White "Hebert, Jean"]
[Black "Fier, Alexander Hilario T"]
[Result "0-1"]
[WhiteElo "2378"]
[BlackElo "2567"]
[PlyCount "112"]
[GameId "2130307669244777"]
[EventDate "2014.07.07"]
[EventType "swiss"]
[EventRounds "9"]
[EventCountry "FRA"]
[SourceTitle "10 Days #412"]
[Source "Chess Mix"]

1. c4 Nf6 2. Nf3 g6 3. Nc3 d5 4. cxd5 Nxd5 5. Qb3 Nb6 6. d4 Bg7 7. Bf4 Be6 8. Qc2 Nc6 9. Rd1 Nb4 10. Qb1 O-O 11. e3 Bf5 12. e4 Bg4 13. Be2 Bxf3 14. Bxf3 Bxd4 15. Nd5 e5 16. Bxe5 Bxe5 17. Nxb4 Qf6 18. Nd3 Bd4 19. O-O c6 20. Qc2 Rad8 21. b3 Rfe8 22. Qc1 a5 23. Qc2 h5 24. a3 h4 25. h3 Nd7 26. Rfe1 Ne5 27. Nxe5 Rxe5 28. Kf1 Rc5 29. Qd2 Qe5 30. Re3 Kg7 31. Rd3 Bc3 32. Qe3 Rxd3 33. Rxd3 Bb2 34. a4 Rc2 35. Bd1 Rc1 36. Ke2 Ra1 37. f4 Qh5+ 38. Qf3 Qc5 39. Qe3 Qb4 40. Kf3 c5 41. Qd2 Bd4 42. Kg4 Qa3 43. Bf3 Ra2 44. Qxa5 Qb2 45. Kxh4 Qc2 46. Qb5 Qf2+ 47. Kg4 Bf6 48. g3 Ra1 49. Rd1 Bh4 50. Kxh4 Qxf3 51. Rd5 Re1 52. Qxc5 Rxe4 53. Rd7 Rxf4+ 54. g4 Re4 55. Rxb7 Qf6+ 56. Kg3 Qf4+ 0-1

[Event "Cannes Summer op"]
[Site "Cannes FRA"]
[Date "2014.07.11"]
[Round "7.9"]
[White "Colmenares, Aurelio"]
[Black "Hebert, Jean"]
[Result "1/2-1/2"]
[WhiteElo "2320"]
[BlackElo "2378"]
[PlyCount "98"]
[GameId "2130307669244807"]
[EventDate "2014.07.07"]
[EventType "swiss"]
[EventRounds "9"]
[EventCountry "FRA"]
[SourceTitle "10 Days #412"]
[Source "Chess Mix"]

1. e4 e6 2. d4 d5 3. Nc3 Bb4 4. Nge2 dxe4 5. a3 Be7 6. Nxe4 Nf6 7. N2g3 Nxe4 8. Nxe4 O-O 9. Bf4 Bd7 10. Bd3 Bc6 11. Qh5 f5 12. Nc5 Bxc5 13. dxc5 Qd4 14. Be3 Qxb2 15. O-O Nd7 16. Qh4 Qf6 17. Qb4 a6 18. f4 Qg6 19. Qd2 Rad8 20. Bd4 Nf6 21. c3 Bd5 22. Rae1 Qf7 23. Re3 Qd7 24. Rg3 g6 25. Qe3 Be4 26. Be2 Kf7 27. Rh3 h5 28. Qf2 Qe7 29. Re1 Rxd4 30. cxd4 Qd7 31. Bc4 Rd8 32. Rd1 Qa4 33. Bb3 Qc6 34. Qb2 Rb8 35. Rc3 Bd5 36. Bxd5 Nxd5 37. Rb3 Nxf4 38. Qd2 Nd5 39. Rdb1 Nf6 40. Qb2 Qd5 41. Kh1 Ne4 42. h3 Kf6 43. Rxb7 Rxb7 44. Qxb7 Qxd4 45. Qxc7 Nxc5 46. Rb8 Qf2 47. Qd8+ Ke5 48. Qc7+ Kf6 49. Qd8+ Ke5 1/2-1/2

[Event "Cannes Summer op"]
[Site "Cannes FRA"]
[Date "2014.07.12"]
[Round "8.9"]
[White "Villegas, Pierre"]
[Black "Hebert, Jean"]
[Result "1-0"]
[WhiteElo "2291"]
[BlackElo "2378"]
[PlyCount "81"]
[GameId "2130307669248928"]
[EventDate "2014.07.07"]
[EventType "swiss"]
[EventRounds "9"]
[EventCountry "FRA"]
[SourceTitle "10 Days #412"]
[Source "Chess Mix"]

1. d4 Nf6 2. c4 e6 3. Nc3 Bb4 4. e3 c5 5. Nge2 b6 6. a3 Ba5 7. Rb1 Na6 8. g3 Bb7 9. d5 b5 10. Bg2 bxc4 11. O-O e5 12. e4 d6 13. Qa4+ Nd7 14. Bh3 Nab8 15. b4 cxb4 16. Nb5 Ke7 17. axb4 Bb6 18. Kh1 Nf6 19. f4 h6 20. fxe5 dxe5 21. Rf5 Nbd7 22. Bb2 Re8 23. Rbf1 a6 24. Na3 Rc8 25. R5f3 Qc7 26. Bc1 Rf8 27. Nc3 Bd4 28. Ne2 Bb6 29. Nc3 Qd6 30. Bf5 Bd4 31. g4 Nb6 32. Qa5 Ra8 33. Nc2 Nfd7 34. Nxd4 exd4 35. Bf4 Qf6 36. Bc7 dxc3 37. d6+ Ke8 38. Bxb6 Qxd6 39. Bc7 Qd4 40. Qa4 Rc8 41. Be5 1-0

[Event "Cannes Summer op"]
[Site "Cannes FRA"]
[Date "2014.07.13"]
[Round "9.12"]
[White "Hebert, Jean"]
[Black "Spielmann, Alain"]
[Result "1-0"]
[WhiteElo "2378"]
[BlackElo "2181"]
[PlyCount "53"]
[GameId "2130307669248941"]
[EventDate "2014.07.07"]
[EventType "swiss"]
[EventRounds "9"]
[EventCountry "FRA"]
[SourceTitle "10 Days #412"]
[Source "Chess Mix"]

1. d4 e6 2. e4 d6 3. Nc3 g6 4. h4 h6 5. Be3 Bg7 6. Qd2 a6 7. O-O-O Ne7 8. f3 Nd7 9. Nge2 b5 10. Kb1 Bb7 11. Nc1 Rc8 12. Nb3 c6 13. Bf4 Qc7 14. Nc5 Rb8 15. g3 Bc8 16. Nb3 Nb6 17. Qf2 Na4 18. Nxa4 bxa4 19. Nd2 e5 20. dxe5 Be6 21. Nc4 Bxc4 22. Bxc4 d5 23. Bd3 Bxe5 24. Bxe5 Qxe5 25. c3 O-O 26. Qd4 Qd6 27. Qxa4 1-0

[Event "Cannes op-A"]
[Site "Cannes FRA"]
[Date "2010.02.28"]
[Round "1"]
[White "Hebert, Jean"]
[Black "De Florio, Federico"]
[Result "0-1"]
[WhiteElo "2418"]
[BlackElo "2156"]
[PlyCount "50"]
[GameId "2129405080133520"]
[EventDate "2010.02.28"]
[EventType "swiss"]
[EventRounds "9"]
[EventCountry "FRA"]
[SourceTitle "hb 2010.06"]

1. d4 d5 2. c4 e6 3. Nc3 Nf6 4. Bg5 Be7 5. e3 c6 6. Nf3 Nbd7 7. cxd5 exd5 8. Bd3 O-O 9. Qc2 Re8 10. h3 Ne4 11. Bxe4 dxe4 12. Nxe4 Bxg5 13. Nexg5 Nf8 14. Ne4 Bf5 15. Nfd2 Qh4 16. g4 Bxg4 17. Kf1 Bf5 18. f3 Rad8 19. Re1 Ne6 20. Qc4 Ng5 21. Nf2 Bxh3+ 22. Nxh3 Nxh3 23. Re2 Rxe3 24. Rhh2 Rde8 25. d5 Rxf3+ 0-1

[Event "Cannes op-A"]
[Site "Cannes FRA"]
[Date "2010.03.04"]
[Round "6"]
[White "Fantin, Ludwig"]
[Black "Hebert, Jean"]
[Result "0-1"]
[WhiteElo "2230"]
[BlackElo "2418"]
[PlyCount "60"]
[GameId "2129405080133529"]
[EventDate "2010.02.28"]
[EventType "swiss"]
[EventRounds "9"]
[EventCountry "FRA"]
[SourceTitle "hb 2010.06"]

1. e4 e6 2. d4 d5 3. Nc3 Bb4 4. e5 b6 5. a3 Bf8 6. f4 Nh6 7. Nf3 Nf5 8. g4 Nh4 9. Be3 h5 10. h3 Be7 11. Rg1 g6 12. Ng5 c5 13. Bb5+ Bd7 14. Bxd7+ Qxd7 15. Kf2 Nc6 16. Ne2 f6 17. exf6 Bxf6 18. c3 hxg4 19. hxg4 Bxg5 20. fxg5 e5 21. dxe5 Nxe5 22. Nf4 O-O-O 23. b4 Nhf3 24. Rg2 Nxg5 25. Qxd5 Qxd5 26. Nxd5 Ne4+ 27. Kf1 Rxd5 28. bxc5 bxc5 29. Rc1 Rd3 30. Re1 Nf3 0-1

[Event "Cannes op-A"]
[Site "Cannes FRA"]
[Date "2010.03.07"]
[Round "9"]
[White "Hebert, Jean"]
[Black "Petakov, Uros"]
[Result "1-0"]
[WhiteElo "2418"]
[BlackElo "2356"]
[PlyCount "73"]
[GameId "2129405080133534"]
[EventDate "2010.02.28"]
[EventType "swiss"]
[EventRounds "9"]
[EventCountry "FRA"]
[SourceTitle "hb 2010.06"]

1. d4 Nf6 2. c4 e5 3. e3 Nc6 4. d5 Ne7 5. Nf3 d6 6. Nc3 Ng6 7. h4 h5 8. Ng5 Nh7 9. Nxh7 Rxh7 10. g3 Bg4 11. f3 Bf5 12. Be2 Qc8 13. e4 Bd7 14. Be3 c5 15. dxc6 bxc6 16. Qd2 Be7 17. O-O-O Nf8 18. f4 g6 19. Rhf1 f6 20. Qc2 Ne6 21. f5 gxf5 22. exf5 Nc7 23. Bf3 Kf8 24. g4 hxg4 25. Bxg4 Be8 26. h5 Bf7 27. Ne4 d5 28. Ng5 fxg5 29. f6 Qxg4 30. Qxh7 Ke8 31. fxe7 Qxc4+ 32. Kb1 d4 33. b3 Qd5 34. Bxg5 Rc8 35. Qh8+ Bg8 36. Rf8+ Kd7 37. Rd8+ 1-0

[Event "Cappelle op"]
[Site "Cappelle la Grande FRA"]
[Date "2010.02.18"]
[Round "7"]
[White "Sandipan, Chanda"]
[Black "Hebert, Jean"]
[Result "1-0"]
[WhiteElo "2622"]
[BlackElo "2418"]
[PlyCount "103"]
[GameId "2129405080344504"]
[EventDate "2010.02.13"]
[EventType "swiss"]
[EventRounds "9"]
[EventCountry "FRA"]
[SourceTitle "The Week in Chess 798"]
[Source "Mark Crowther"]
[SourceDate "2010.02.22"]
[SourceVersion "1"]
[SourceVersionDate "2010.02.22"]
[SourceQuality "2"]

1. d4 Nf6 2. c4 e6 3. Nc3 Bb4 4. g3 O-O 5. Bg2 c5 6. Nf3 cxd4 7. Nxd4 d5 8. cxd5 Nxd5 9. Qb3 Qb6 10. Bxd5 exd5 11. Be3 Nc6 12. Qxd5 Bxc3+ 13. bxc3 Qb2 14. O-O Nxd4 15. Bxd4 Qxe2 16. Rfe1 Qg4 17. Rab1 Be6 18. Qxb7 Bxa2 19. Rb2 Be6 20. f3 Qg6 21. Bxa7 Qf5 22. Rd2 Rac8 23. Re3 Rcd8 24. Rxd8 Rxd8 25. Bd4 h6 26. Qe4 Qxe4 27. fxe4 Rb8 28. Re2 Bc4 29. Rd2 Re8 30. e5 Rb8 31. Kf2 Rb1 32. Bc5 Kh7 33. Ke3 Kg6 34. Ba3 Be6 35. Kd4 Kf5 36. c4 h5 37. Bb2 Re1 38. Rf2+ Kg4 39. c5 Rd1+ 40. Kc3 Kh3 41. c6 Rd8 42. Kb4 Rc8 43. Kc5 Bd7 44. Kd6 Bxc6 45. Rxf7 g5 46. Rf5 Kg4 47. Rf2 Ba4 48. e6 Rc2 49. Rxc2 Bxc2 50. e7 Ba4 51. Kc7 Kh3 52. Be5 1-0

[Event "Francophone m"]
[Site "Cannes FRA"]
[Date "2010.02.??"]
[Round "?"]
[White "Congiu, Mathilde"]
[Black "Hebert, Jean"]
[Result "0-1"]
[WhiteElo "2149"]
[BlackElo "2420"]
[PlyCount "140"]
[GameId "2129405080564634"]
[EventDate "2010.02.??"]
[EventType "schev"]
[EventRounds "8"]
[EventCountry "FRA"]
[SourceTitle "EXT 2011"]
[Source "ChessBase"]
[SourceDate "2011.11.26"]
[SourceVersion "1"]
[SourceVersionDate "2011.11.26"]
[SourceQuality "1"]

1. e4 e6 2. d4 d5 3. exd5 exd5 4. Nf3 Bd6 5. c4 c6 6. Nc3 Ne7 7. Bd3 O-O 8. O-O Bf5 9. Bxf5 Nxf5 10. cxd5 cxd5 11. Qb3 Nc6 12. Bg5 Nfxd4 13. Qxd5 Nxf3+ 14. gxf3 Be7 15. Qxd8 Bxd8 16. Be3 Ba5 17. Ne4 Rfd8 18. Rfd1 Bb4 19. Nc5 Bxc5 20. Bxc5 f6 21. Kf1 Kf7 22. Ke2 Ke6 23. Rg1 g6 24. Rad1 Rac8 25. Rxd8 Rxd8 26. Rc1 Rd5 27. Be3 a6 28. Rc4 Rd7 29. Re4+ Kf7 30. Rh4 h5 31. Re4 Ne7 32. Bd2 Nd5 33. Be1 g5 34. Bd2 h4 35. f4 f5 36. Re5 Kf6 37. Re8 g4 38. Rh8 Re7+ 39. Kf1 h3 40. Rh6+ Kf7 41. Rh5 Ke6 42. f3 Rc7 43. Rh6+ Kd7 44. Rh7+ Ke6 45. Rh6+ Kf7 46. Rh7+ Kg6 47. Rxc7 Nxc7 48. Kf2 Ne6 49. Be3 Nc7 50. Kg3 Nd5 51. Bd2 gxf3 52. Kxf3 Nf6 53. Be1 Ne4 54. Ke3 Kh5 55. Kf3 Kg6 56. Ke3 Kf6 57. Kd4 Ke6 58. b3 b6 59. a4 Nf6 60. Bf2 Ng4 61. Bg1 Kd6 62. Kc4 Kc6 63. Kd4 b5 64. axb5+ axb5 65. Kc3 Kd5 66. Kb4 Ke4 67. Kxb5 Kxf4 68. Bc5 Ke4 69. Kc6 Nxh2 70. b4 Nf3 0-1

[Event "Francophone m"]
[Site "Cannes FRA"]
[Date "2010.02.??"]
[Round "?"]
[White "Giroyan, Gary"]
[Black "Hebert, Jean"]
[Result "0-1"]
[WhiteElo "2176"]
[BlackElo "2420"]
[PlyCount "50"]
[GameId "2129405080564638"]
[EventDate "2010.02.??"]
[EventType "schev"]
[EventRounds "8"]
[EventCountry "FRA"]
[SourceTitle "EXT 2011"]
[Source "ChessBase"]
[SourceDate "2011.11.26"]
[SourceVersion "1"]
[SourceVersionDate "2011.11.26"]
[SourceQuality "1"]

1. e4 d6 2. d4 g6 3. Nc3 c6 4. h3 Bg7 5. g4 h5 6. gxh5 Rxh5 7. Be3 b5 8. Qd2 Nd7 9. Bg2 Nb6 10. b3 a5 11. a4 b4 12. Nce2 d5 13. Ng3 Rh8 14. c4 dxc4 15. e5 c3 16. Bxc6+ Bd7 17. Bxd7+ Qxd7 18. Qd3 Bxe5 19. Ne4 Bg7 20. Nf3 Nf6 21. Neg5 Qd5 22. Nxf7 Qxf3 23. Rg1 Kxf7 24. Qxg6+ Ke6 25. Rg5 Rxh3 0-1

[Event "Francophone m"]
[Site "Cannes FRA"]
[Date "2010.02.??"]
[Round "?"]
[White "Hebert, Jean"]
[Black "Congiu, Mathilde"]
[Result "1-0"]
[WhiteElo "2420"]
[BlackElo "2149"]
[PlyCount "81"]
[GameId "2129405080564642"]
[EventDate "2010.02.??"]
[EventType "schev"]
[EventRounds "8"]
[EventCountry "FRA"]
[SourceTitle "EXT 2011"]
[Source "ChessBase"]
[SourceDate "2011.11.26"]
[SourceVersion "1"]
[SourceVersionDate "2011.11.26"]
[SourceQuality "1"]

1. Nf3 d5 2. c4 c6 3. b3 Nf6 4. g3 Bf5 5. Bg2 e6 6. O-O h6 7. Bb2 Nbd7 8. d3 Bh7 9. Nbd2 Be7 10. Rc1 O-O 11. Rc2 Re8 12. Qa1 Bd6 13. Re1 a5 14. a3 e5 15. cxd5 cxd5 16. Rcc1 e4 17. dxe4 dxe4 18. Nd4 e3 19. fxe3 Ng4 20. Nf1 Nc5 21. Rcd1 Qe7 22. Bc1 Be5 23. Qa2 Ne4 24. Bxe4 Bxe4 25. Nf3 Rac8 26. Qd2 Bc3 27. Qa2 Bxe1 28. Rxe1 Bxf3 29. exf3 Ne5 30. Qe2 Qe6 31. f4 Nc6 32. Qb2 Qd5 33. Bd2 b5 34. Bc3 f6 35. b4 axb4 36. axb4 Ra8 37. Re2 Ra4 38. Rd2 Qe6 39. Qb1 Qe4 40. Qxe4 Rxe4 41. Rd5 1-0

[Event "Francophone m"]
[Site "Cannes FRA"]
[Date "2010.02.??"]
[Round "?"]
[White "Hebert, Jean"]
[Black "Giroyan, Gary"]
[Result "1-0"]
[WhiteElo "2420"]
[BlackElo "2176"]
[PlyCount "69"]
[GameId "2129405080564643"]
[EventDate "2010.02.??"]
[EventType "schev"]
[EventRounds "8"]
[EventCountry "FRA"]
[SourceTitle "EXT 2011"]
[Source "ChessBase"]
[SourceDate "2011.11.26"]
[SourceVersion "1"]
[SourceVersionDate "2011.11.26"]
[SourceQuality "1"]

1. d4 Nf6 2. c4 e6 3. Nf3 c5 4. e3 d5 5. Nc3 Nc6 6. a3 Ne4 7. Bd3 Nxc3 8. bxc3 dxc4 9. Bxc4 Qc7 10. O-O Bd6 11. e4 O-O 12. e5 Be7 13. Qe2 Bd7 14. Rd1 Rac8 15. Bd3 f5 16. exf6 Bxf6 17. Qe4 g6 18. Bf4 Qd8 19. Bd6 cxd4 20. Bxf8 Qxf8 21. cxd4 Qd6 22. Rac1 Re8 23. Bc4 Qxa3 24. d5 exd5 25. Qxd5+ Be6 26. Qd7 Qe7 27. Bxe6+ Qxe6 28. Qxb7 Ne5 29. Nxe5 Bxe5 30. Qxa7 Rf8 31. g3 Qf5 32. Qe3 Qh5 33. Re1 Rf5 34. Rc5 Bxg3 35. Rc8+ 1-0

[Event "Francophone m"]
[Site "Cannes FRA"]
[Date "2010.02.??"]
[Round "?"]
[White "Hebert, Jean"]
[Black "Lamard, Guillaume"]
[Result "1-0"]
[WhiteElo "2420"]
[BlackElo "2126"]
[PlyCount "75"]
[GameId "2129405080564644"]
[EventDate "2010.02.??"]
[EventType "schev"]
[EventRounds "8"]
[EventCountry "FRA"]
[SourceTitle "EXT 2011"]
[Source "ChessBase"]
[SourceDate "2011.11.26"]
[SourceVersion "1"]
[SourceVersionDate "2011.11.26"]
[SourceQuality "1"]

1. d4 Nf6 2. c4 e6 3. Nf3 Bb4+ 4. Nbd2 c5 5. dxc5 Bxc5 6. e3 O-O 7. a3 b6 8. b4 Be7 9. Bb2 Bb7 10. Bd3 d6 11. O-O Nbd7 12. Qe2 Rc8 13. Rad1 Qc7 14. Nd4 a6 15. Rc1 Qb8 16. Bb1 Qa8 17. f3 Rfe8 18. e4 Bf8 19. Rcd1 Qb8 20. Rfe1 Ne5 21. f4 Ng6 22. Rf1 e5 23. fxe5 dxe5 24. Nf5 Nf4 25. Nh6+ gxh6 26. Rxf4 Bg7 27. Rf5 Rcd8 28. Rdf1 Qd6 29. Nf3 Nd7 30. Ba2 Qe6 31. Bc1 Rf8 32. c5 Qe7 33. Ng5 hxg5 34. Bxg5 Qe8 35. Rxf7 Kh8 36. Bxd8 Qxd8 37. Qg4 Bh6 38. Rxf8+ 1-0

[Event "Francophone m"]
[Site "Cannes FRA"]
[Date "2010.02.??"]
[Round "?"]
[White "Hebert, Jean"]
[Black "Muller, Anne"]
[Result "1-0"]
[WhiteElo "2420"]
[BlackElo "2196"]
[PlyCount "111"]
[GameId "2129405080564645"]
[EventDate "2010.02.??"]
[EventType "schev"]
[EventRounds "8"]
[EventCountry "FRA"]
[SourceTitle "EXT 2011"]
[Source "ChessBase"]
[SourceDate "2011.11.26"]
[SourceVersion "1"]
[SourceVersionDate "2011.11.26"]
[SourceQuality "1"]

1. c4 e5 2. Nc3 Nf6 3. g3 d5 4. cxd5 Nxd5 5. Bg2 Nb6 6. Nf3 Nc6 7. O-O Be7 8. a3 O-O 9. b4 a5 10. b5 Nd4 11. d3 Re8 12. Nd2 a4 13. Bb2 Bf8 14. e3 Nf5 15. Qc2 Ra7 16. Nc4 Bd7 17. Rac1 Nd6 18. Nxd6 cxd6 19. Rb1 Be6 20. Qd2 Qd7 21. f4 Raa8 22. e4 f6 23. Qe3 Qd8 24. Qf2 Rc8 25. d4 Nc4 26. d5 Nxb2 27. Qxb2 Bd7 28. Nxa4 Qa5 29. Qb4 Ra8 30. Qxa5 Rxa5 31. Nb6 Bxb5 32. Rfc1 Bd3 33. Rb3 Rb5 34. Rxb5 Bxb5 35. Rc7 exf4 36. gxf4 f5 37. exf5 Be7 38. Bf1 Bd8 39. Rxb7 Re1 40. Rb8 Rxf1+ 41. Kg2 Kf7 42. Rxd8 Rxf4 43. Rxd6 Rxf5 44. a4 Bf1+ 45. Kg3 Re5 46. a5 Bb5 47. Kf4 Re2 48. Nc8 Rxh2 49. Rb6 Bd7 50. Nd6+ Ke7 51. Ne4 Ra2 52. d6+ Ke8 53. Nc5 Bh3 54. a6 Bg2 55. d7+ Ke7 56. Re6+ 1-0

[Event "Francophone m"]
[Site "Cannes FRA"]
[Date "2010.02.??"]
[Round "?"]
[White "Lamard, Guillaume"]
[Black "Hebert, Jean"]
[Result "0-1"]
[WhiteElo "2126"]
[BlackElo "2420"]
[PlyCount "68"]
[GameId "2129405080564646"]
[EventDate "2010.02.??"]
[EventType "schev"]
[EventRounds "8"]
[EventCountry "FRA"]
[SourceTitle "EXT 2011"]
[Source "ChessBase"]
[SourceDate "2011.11.26"]
[SourceVersion "1"]
[SourceVersionDate "2011.11.26"]
[SourceQuality "1"]

1. d4 Nf6 2. c4 e6 3. g3 c5 4. d5 exd5 5. cxd5 Bd6 6. Nc3 Bc7 7. Nf3 d6 8. Bg2 O-O 9. O-O a6 10. a4 Nbd7 11. Bf4 Rb8 12. Qd3 h6 13. e4 Nh5 14. Be3 Re8 15. Qe2 Nhf6 16. Nd2 Ne5 17. h3 Ba5 18. f4 Ng6 19. Qd3 b5 20. axb5 axb5 21. Rf2 c4 22. Qc2 Bb6 23. Bxb6 Qxb6 24. Ne2 Nxd5 25. Nxc4 bxc4 26. exd5 Bd7 27. Nc3 Ne7 28. Kh2 Nf5 29. Be4 Nd4 30. Qd1 Nb3 31. Rg2 Nxa1 32. Qxa1 Qd4 33. Bf3 Re3 34. Qf1 Rd3 0-1

[Event "Francophone m"]
[Site "Cannes FRA"]
[Date "2010.02.??"]
[Round "?"]
[White "Muller, Anne"]
[Black "Hebert, Jean"]
[Result "0-1"]
[WhiteElo "2196"]
[BlackElo "2420"]
[PlyCount "74"]
[GameId "2129405080564650"]
[EventDate "2010.02.??"]
[EventType "schev"]
[EventRounds "8"]
[EventCountry "FRA"]
[SourceTitle "EXT 2011"]
[Source "ChessBase"]
[SourceDate "2011.11.26"]
[SourceVersion "1"]
[SourceVersionDate "2011.11.26"]
[SourceQuality "1"]

1. e4 e6 2. d4 d5 3. Nd2 Nf6 4. e5 Nfd7 5. Bd3 c5 6. c3 b6 7. Ndf3 Ba6 8. Bxa6 Nxa6 9. Nh3 Be7 10. Nf4 g6 11. Be3 Nc7 12. Rc1 c4 13. b3 b5 14. a4 a6 15. O-O cxb3 16. Qxb3 Nb6 17. axb5 axb5 18. Ra1 O-O 19. Nd3 Nc4 20. Nb4 Qd7 21. Bh6 Rfc8 22. Nd2 Ra4 23. Nd3 Rca8 24. Rxa4 bxa4 25. Qa2 Nxd2 26. Bxd2 Qb5 27. Nf4 Qb3 28. Ra1 Qxa2 29. Rxa2 a3 30. Kf1 Rb8 31. Nd3 Rb3 32. Ke2 Nb5 33. Rc2 Kf8 34. Nc5 Rb2 35. Kd3 a2 36. Rxb2 a1=Q 37. Rxb5 Qf1+ 0-1

[Event "World Cup"]
[Site "Khanty-Mansiysk RUS"]
[Date "2009.11.21"]
[Round "1.1"]
[White "Svidler, Peter"]
[Black "Hebert, Jean"]
[Result "1-0"]
[WhiteElo "2754"]
[BlackElo "2420"]
[PlyCount "131"]
[GameId "2129405081852200"]
[EventDate "2009.11.21"]
[EventType "k.o."]
[EventRounds "7"]
[EventCountry "RUS"]
[SourceTitle "The Week in Chess 785"]
[Source "Mark Crowther"]
[SourceDate "2009.11.23"]
[SourceVersion "1"]
[SourceVersionDate "2009.11.23"]
[SourceQuality "2"]

1. e4 e6 2. d4 d5 3. Nd2 Nf6 4. e5 Nfd7 5. c3 c5 6. Bd3 Nc6 7. Ne2 cxd4 8. cxd4 Nb6 9. O-O Bd7 10. Nf3 Nb4 11. Bb1 Bb5 12. Re1 Bxe2 13. Rxe2 Be7 14. a3 Nc6 15. Bd3 Qd7 16. h4 h6 17. h5 O-O-O 18. Rc2 Kb8 19. Bd2 Rc8 20. Rac1 a6 21. Qe2 Na7 22. Ba5 Rxc2 23. Rxc2 Na8 24. Qe3 Rc8 25. Rxc8+ Kxc8 26. Qf4 Qe8 27. Qg4 Nc6 28. Bd2 Bf8 29. Ne1 Nc7 30. Nc2 b6 31. f4 f5 32. Qe2 a5 33. g4 fxg4 34. Qxg4 Ne7 35. Ne3 Kb7 36. Kf2 Qa4 37. Bc3 Qe8 38. Kg3 Qf7 39. Bd2 Nc6 40. f5 Be7 41. fxe6 Qxe6 42. Nf5 Bf8 43. Be2 Nd8 44. Bf3 Kc6 45. a4 Nf7 46. b3 Nd8 47. Bg2 Qf7 48. Be3 Nde6 49. Bh3 Bb4 50. Kg2 Bf8 51. Qd1 Kd7 52. Qf3 Be7 53. Qg4 Bf8 54. Nh4 Kc6 55. Ng6 Bb4 56. Nf4 Ng5 57. Qf5 Qxf5 58. Bxf5 Be7 59. Kg3 b5 60. Kg4 bxa4 61. bxa4 Bb4 62. Bc2 Nge6 63. Nxe6 Nxe6 64. Kf5 Kd7 65. Kg6 Ke7 66. Bf5 1-0

[Event "Festival Francophone Des Echecs"]
[Site "Arvier ITA"]
[Date "2009.09.27"]
[Round "1.4"]
[White "Frank, Albert"]
[Black "Hebert, Jean"]
[Result "0-1"]
[WhiteElo "1932"]
[BlackElo "2416"]
[PlyCount "52"]
[GameId "2129405083848178"]
[EventDate "2009.09.27"]
[EventType "swiss"]
[EventRounds "9"]
[EventCountry "ITA"]

1. Nf3 Nf6 2. c4 e6 3. g3 c5 4. Bg2 Nc6 5. O-O a6 6. b3 d6 7. d4 cxd4 8. Nxd4 Bd7 9. Ba3 Be7 10. Nc3 O-O 11. e4 Qa5 12. Nxc6 Bxc6 13. Qc1 Rfd8 14. Re1 Rac8 15. e5 Bxg2 16. exf6 Bxf6 17. b4 Qb6 18. Kxg2 Rxc4 19. Ne4 Rxc1 20. Nxf6+ gxf6 21. Raxc1 e5 22. Re4 Qb5 23. Rg4+ Kf8 24. Rc7 Qd5+ 25. Kh3 Qe6 26. Kh4 h5 0-1